[Event "Catalunya-chT Gp1"]
[Site "Barcelona"]
[Date "2024.02.24"]
[Round "6.7"]
[White "Fernandez Lozano, Francesco"]
[Black "Garcia Gallardo, Victor"]
[Result "1-0"]
[WhiteElo "2055"]
[BlackElo "2075"]
[PlyCount "81"]
[EventDate "2024.01.20"]
[EventType "team-tourn"]
[EventRounds "7"]
[EventCountry "ESP"]
[SourceTitle "CB11_2024"]
[SourceDate "2024.03.13"]
[SourceVersion "1"]
[SourceVersionDate "2024.03.13"]
[SourceQuality "1"]
[WhiteTeam "Mollet"]
[BlackTeam "Terrassa"]
[WhiteTeamCountry "ESP"]
[BlackTeamCountry "ESP"]

1. e4 Nc6 2. Nf3 e5 3. d4 exd4 4. Nxd4 Nf6 5. Nxc6 bxc6 6. e5 Qe7 7. Qe2 Nd5 8. h4 d6 9. c4 Nb6 10. exd6 cxd6 11. Be3 Be6 12. Nd2 Qb7 13. b3 d5 14. c5 Nd7 15. Rc1 a5 16. a3 Be7 17. Bd4 0-0 18. Qd3 Qc7 19. g3 Rae8 20. Bg2 Bf6 21. 0-0 Bg4 22. Rfe1 Re7 23. Rxe7 Bxe7 24. Re1 Bxc5 25. Bxc5 Nxc5 26. Qd4 Ne4 27. Nxe4 dxe4 28. Bxe4 Be6 29. b4 Rb8 30. Rb1 axb4 31. Rxb4 Rxb4 32. axb4 Qd7 33. Qb6 g6 34. Qxc6 Qd1+ 35. Kg2 Qe2 36. Bf3 Qd3 37. b5 Bc4 38. b6 Qf1+ 39. Kh2 Qxf2+ 40. Bg2 Ba6 41. Qa8+ 1-0

[Event "ESP-ch Seniora 50"]
[Site "Altea"]
[Date "2022.11.01"]
[Round "4"]
[White "Cantero Navarro, Antonio"]
[Black "Fernandez Lozano, Francesco"]
[Result "1/2-1/2"]
[WhiteElo "2146"]
[BlackElo "2031"]
[PlyCount "102"]
[EventDate "2022.10.29"]
[EventType "swiss"]
[EventRounds "9"]
[EventCountry "ESP"]
[SourceTitle "EXT 2024"]
[Source "ChessBase"]
[SourceDate "2023.10.10"]
[SourceVersion "1"]
[SourceVersionDate "2023.10.10"]
[SourceQuality "1"]
[WhiteTeam "Spain"]
[BlackTeam "Spain"]
[WhiteTeamCountry "ESP"]
[BlackTeamCountry "ESP"]

1. e4 g6 2. d4 Bg7 3. Nc3 c6 4. h3 d5 5. Nf3 dxe4 6. Nxe4 Nf6 7. Nxf6+ exf6 8. Be2 0-0 9. 0-0 Nd7 10. c4 Nb6 11. Be3 Be6 12. Rc1 Re8 13. Qd2 Qe7 14. Rfd1 h5 15. b3 Kh8 16. Ne1 f5 17. Bf3 Rad8 18. Nc2 f6 19. h4 Bf7 20. Re1 Qf8 21. Rcd1 Kh7 22. Qa5 Nc8 23. Bc1 Qd6 24. Qd2 Bf8 25. Re2 Rxe2 26. Bxe2 Qc7 27. Bf3 Kg8 28. Re1 Kh7 29. Bb2 Bh6 30. Qd3 Bg7 31. Re2 Ne7 32. Ba3 Ng8 33. Bc1 Bh6 34. Bxh6 Kxh6 35. Ne1 Kg7 36. Nc2 Qf4 37. g3 Qd6 38. Qd2 Nh6 39. Kg2 f4 40. Be4 fxg3 41. fxg3 Be6 42. Re3 Bf5 43. Qe1 Rd7 44. Bxf5 Nxf5 45. Re4 Re7 46. Rxe7+ Qxe7 47. Qxe7+ Nxe7 48. Ne3 Kf7 49. Kf3 Ke6 50. Ke4 Kd6 51. Kf4 Ke6 1/2-1/2

[Event "Catalunya-chT Gp1"]
[Site "Barcelona"]
[Date "2022.03.12"]
[Round "8.9"]
[White "Ramon Serrano, Francisco Javier"]
[Black "Fernandez Lozano, Francesco"]
[Result "0-1"]
[WhiteElo "2031"]
[BlackElo "1963"]
[PlyCount "74"]
[EventDate "2022.01.22"]
[EventType "team-tourn"]
[EventRounds "9"]
[EventCountry "ESP"]
[SourceTitle "CBM 208 Extra"]
[Source "ChessBase"]
[SourceDate "2022.07.31"]
[SourceVersion "1"]
[SourceVersionDate "2022.07.31"]
[SourceQuality "1"]
[WhiteTeam "Gramenet"]
[BlackTeam "Mollet"]
[WhiteTeamCountry "ESP"]
[BlackTeamCountry "ESP"]

1. d4 d5 2. Nf3 Nf6 3. Bf4 c5 4. e3 Nc6 5. Be2 Qb6 6. b3 cxd4 7. Nxd4 e5 8. Nxc6 exf4 9. Nd4 Bc5 10. 0-0 0-0 11. c3 fxe3 12. fxe3 Re8 13. b4 Bd6 14. Qd3 Qc7 15. h3 Qe7 16. Nd2 Qxe3+ 17. Qxe3 Rxe3 18. Rf3 Re7 19. Bd3 Be5 20. N2b3 Bd7 21. Nc5 Ne4 22. Bxe4 Bxd4+ 23. cxd4 dxe4 24. Re3 Bc6 25. Rae1 f5 26. g3 Rd8 27. Rd1 b6 28. Nb3 Red7 29. Rc3 Ba4 30. Rf1 g6 31. g4 Rf8 32. Nc1 f4 33. Ra3 Bb5 34. Re1 f3 35. Kf2 Rxd4 36. Nb3 Rc4 37. Rc1 e3+ 0-1

[Event "Catalunya-chT Gp1"]
[Site "Barcelona"]
[Date "2022.02.05"]
[Round "3.9"]
[White "Barcelo Tizon, Cristian"]
[Black "Fernandez Lozano, Francesco"]
[Result "0-1"]
[WhiteElo "2071"]
[BlackElo "1963"]
[PlyCount "120"]
[EventDate "2022.01.22"]
[EventType "team-tourn"]
[EventRounds "9"]
[EventCountry "ESP"]
[SourceTitle "CBM 206 Extra"]
[Source "ChessBase"]
[SourceDate "2022.03.31"]
[SourceVersion "1"]
[SourceVersionDate "2022.03.31"]
[SourceQuality "1"]
[WhiteTeam "Sant Cugat"]
[BlackTeam "Mollet"]
[WhiteTeamCountry "ESP"]
[BlackTeamCountry "ESP"]

1. c4 Nf6 2. g3 g6 3. Bg2 Bg7 4. Nc3 0-0 5. e4 d6 6. Nge2 c5 7. 0-0 Nc6 8. h3 a6 9. d3 Rb8 10. Be3 b5 11. Qd2 Ne8 12. Rae1 bxc4 13. dxc4 Ne5 14. b3 Bxh3 15. Bh6 Qd7 16. Bxg7 Kxg7 17. Nf4 Bxg2 18. Kxg2 h6 19. Nfd5 Rh8 20. f4 Ng4 21. Qe2 h5 22. Qf3 e6 23. Ne3 f5 24. Rd1 Qb7 25. Kg1 Rd8 26. Ng2 Rd7 27. Qd3 Nef6 28. Rfe1 Re8 29. Nh4 Nh6 30. Re2 Kf7 31. Nf3 Kg7 32. Ng5 e5 33. Nd5 Nxd5 34. exd5 Nf7 35. Ne6+ Kg8 36. Qc3 Rde7 37. Rde1 Rxe6 38. dxe6 Rxe6 39. fxe5 Nxe5 40. Rxe5 dxe5 41. Qd3 e4 42. Qd8+ Kg7 43. Rd1 Re7 44. Rd5 e3 45. Kf1 e2+ 46. Ke1 Qb4+ 47. Rd2 Re4 48. Qd7+ Kh6 49. Qd6 Qc3 50. Qf8+ Kg5 51. Qd8+ Kg4 52. Qh4+ Kf3 53. Qh1+ Kxg3 54. Qg1+ Kh4 55. Qh1+ Kg4 56. Qg2+ Qg3+ 57. Qxg3+ Kxg3 58. Rxe2 Rxe2+ 59. Kxe2 f4 60. b4 Kg2 0-1

[Event "Palma de Mallorca op"]
[Site "Palma de Mallorca"]
[Date "2021.11.23"]
[Round "2"]
[White "Fernandez Lozano, Francesco"]
[Black "Marin Badenas, Vicente"]
[Result "1-0"]
[WhiteElo "1992"]
[BlackElo "1675"]
[PlyCount "75"]
[EventDate "2021.11.22"]
[EventType "swiss"]
[EventRounds "7"]
[EventCountry "ESP"]
[SourceTitle "CBM 205 Extra"]
[Source "ChessBase"]
[SourceDate "2022.01.31"]
[SourceVersion "1"]
[SourceVersionDate "2022.01.31"]
[SourceQuality "1"]

1. e4 c5 2. Nc3 Nc6 3. Bb5 g6 4. Bxc6 bxc6 5. f4 Bg7 6. Nf3 e6 7. 0-0 Ne7 8. d3 Qb6 9. Kh1 d5 10. e5 Nf5 11. b3 a5 12. Na4 Qa7 13. c4 Bf8 14. Qe1 Be7 15. Qf2 Ba6 16. Ba3 d4 17. Rfe1 h5 18. Nd2 h4 19. Ne4 Ng3+ 20. Kg1 Nxe4 21. Rxe4 Kd7 22. Bxc5 Bxc5 23. Nxc5+ Ke7 24. Rxd4 Bc8 25. Rd6 Qb6 26. a3 Rh5 27. Qd4 Qc7 28. Re1 Ra7 29. Re3 Qb6 30. Rh3 Rc7 31. Kf1 Qa7 32. g3 a4 33. b4 f6 34. Rxh4 fxe5 35. fxe5 Rf5+ 36. Rf4 g5 37. Rf2 Kf7 38. g4 1-0

[Event "Andorra op 37th"]
[Site "Escaldes"]
[Date "2019.07.27"]
[Round "1"]
[White "Stella, Andrea"]
[Black "Fernandez Lozano, Francesco"]
[Result "1-0"]
[WhiteElo "2511"]
[BlackElo "1991"]
[PlyCount "81"]
[EventDate "2019.07.27"]
[EventType "swiss"]
[EventRounds "9"]
[EventCountry "AND"]
[SourceTitle "CBM 191 Extra"]
[Source "ChessBase"]
[SourceDate "2019.09.30"]
[SourceVersion "1"]
[SourceVersionDate "2019.09.30"]
[SourceQuality "1"]

1. d4 d5 2. c4 c6 3. Nf3 Nf6 4. Nc3 e6 5. e3 Nbd7 6. Bd3 dxc4 7. Bxc4 b5 8. Bd3 Bb7 9. e4 b4 10. Na4 c5 11. e5 Bxf3 12. Qxf3 Nd5 13. Be4 Rc8 14. Bxd5 exd5 15. Qxd5 cxd4 16. Qxd4 Qa5 17. b3 Qxe5+ 18. Be3 f6 19. Qxe5+ Nxe5 20. Bxa7 Nd3+ 21. Ke2 Nf4+ 22. Kf3 Ne6 23. Rac1 Rd8 24. Rhd1 Rxd1 25. Rxd1 Be7 26. Be3 g5 27. Rd5 Kf7 28. Nb6 Rd8 29. g4 Kg6 30. Rxd8 Nxd8 31. Ke4 Nc6 32. h3 Bf8 33. Nd7 Be7 34. Kd5 Nd8 35. Bc5 Bxc5 36. Kxc5 f5 37. Kxb4 h5 38. f3 hxg4 39. hxg4 fxg4 40. fxg4 Kf7 41. Ne5+ 1-0

[Event "Sanxenxo Carlos op 11th"]
[Site "Sanxenxo"]
[Date "2019.06.23"]
[Round "2"]
[White "Horton, Andrew P"]
[Black "Fernandez Lozano, Francesco"]
[Result "1-0"]
[WhiteElo "2388"]
[BlackElo "1991"]
[PlyCount "55"]
[EventDate "2019.06.22"]
[EventType "swiss"]
[EventRounds "9"]
[EventCountry "ESP"]
[SourceTitle "CBM 191 Extra"]
[Source "ChessBase"]
[SourceDate "2019.09.30"]
[SourceVersion "1"]
[SourceVersionDate "2019.09.30"]
[SourceQuality "1"]

1. Nf3 d5 2. c4 c6 3. g3 e6 4. Bg2 f5 5. 0-0 Nf6 6. d3 Bd6 7. Nc3 0-0 8. e4 dxe4 9. dxe4 e5 10. Re1 Nxe4 11. Nxe4 fxe4 12. Ng5 Bf5 13. g4 Bc8 14. Bxe4 g6 15. Be3 Na6 16. h3 Bc5 17. Qxd8 Rxd8 18. Rad1 Re8 19. Bc2 Bf8 20. Ne4 Kg7 21. f4 Be6 22. b3 h5 23. gxh5 Bf5 24. fxe5 Rxe5 25. Bd4 Rae8 26. Bb1 Bb4 27. Re2 Nc5 28. Nd6 1-0

[Event "Catalunya-chT GpA final"]
[Site "Barcelona"]
[Date "2019.03.23"]
[Round "2.8"]
[White "Fernandez Lozano, Francesco"]
[Black "Moro Adame, Antonio"]
[Result "1/2-1/2"]
[WhiteElo "1972"]
[BlackElo "2104"]
[PlyCount "68"]
[EventDate "2019.03.16"]
[EventType "team-tourn"]
[EventRounds "3"]
[EventCountry "ESP"]
[SourceTitle "CBM 189 Extra"]
[Source "ChessBase"]
[SourceDate "2019.06.03"]
[SourceVersion "1"]
[SourceVersionDate "2019.06.03"]
[SourceQuality "1"]
[WhiteTeam "Mollet"]
[BlackTeam "Salou Escola Escacs"]
[WhiteTeamCountry "ESP"]
[BlackTeamCountry "ESP"]

1. d4 Nf6 2. Bg5 e6 3. Nd2 d5 4. e3 c5 5. c3 Nc6 6. Ngf3 Be7 7. Bd3 Bd7 8. Ne5 Nxe5 9. dxe5 Ng8 10. Bxe7 Nxe7 11. 0-0 Qc7 12. f4 c4 13. Bc2 Qb6 14. Rb1 Qxe3+ 15. Kh1 g6 16. Rf3 Qc5 17. b4 Qc7 18. Qg1 h5 19. a4 Qb6 20. a5 Qxg1+ 21. Kxg1 Bb5 22. Rf2 0-0-0 23. Nf3 Nc6 24. Rd2 Rd7 25. Kf2 Rhd8 26. Nd4 Nxd4 27. Rxd4 Kc7 28. Ke3 Rb8 29. h4 Rdd8 30. Ra1 a6 31. Rdd1 Kc6 32. Kd4 Rbc8 33. g3 Kd7 34. Rd2 Kc6 1/2-1/2

[Event "Catalunya-chT GpA final"]
[Site "Barcelona"]
[Date "2018.04.07"]
[Round "3.10"]
[White "Fernandez Lozano, Francesco"]
[Black "Bofill Mas, Alejandro"]
[Result "0-1"]
[WhiteElo "1967"]
[BlackElo "2320"]
[PlyCount "92"]
[EventDate "2018.03.10"]
[EventType "team-tourn"]
[EventRounds "4"]
[EventCountry "ESP"]
[SourceTitle "CBM 183 Extra"]
[Source "ChessBase"]
[SourceDate "2018.04.19"]
[SourceVersion "1"]
[SourceVersionDate "2018.04.19"]
[SourceQuality "1"]
[WhiteTeam "Mollet"]
[BlackTeam "Colon Sabadell"]
[WhiteTeamCountry "ESP"]
[BlackTeamCountry "ESP"]

1. d4 Nf6 2. Bg5 Ne4 3. Bf4 c5 4. f3 Qa5+ 5. c3 Nf6 6. d5 d6 7. e4 g6 8. Na3 Nbd7 9. Nc4 Qd8 10. a4 Bg7 11. Bd3 0-0 12. Ne2 Nb6 13. 0-0 Nxc4 14. Bxc4 Nd7 15. Ng3 Ne5 16. Be2 e6 17. Qd2 exd5 18. exd5 f5 19. Bg5 Qc7 20. Bh6 Bxh6 21. Qxh6 Qg7 22. Qxg7+ Kxg7 23. a5 Bd7 24. f4 Nf7 25. Bd3 Rfe8 26. Rfe1 Nh6 27. h3 Ng8 28. Kf2 Nf6 29. c4 Kf7 30. b3 Rxe1 31. Rxe1 b5 32. axb6 axb6 33. Re2 Ra3 34. Rb2 Ke7 35. Ke2 Kd8 36. Nf1 b5 37. Ne3 b4 38. Nc2 Ra7 39. Kf3 Bc8 40. Rb1 Ra2 41. g3 Ne4 42. Rc1 Nd2+ 43. Ke3 Nxb3 44. Rb1 Na5 45. Ra1 Rxa1 46. Nxa1 Ba6 0-1

[Event "ESP-ch 79th"]
[Site "Linares"]
[Date "2014.08.25"]
[Round "1"]
[White "Fernandez Lozano, Francesco"]
[Black "Anton Guijarro, David"]
[Result "0-1"]
[WhiteElo "2093"]
[BlackElo "2624"]
[PlyCount "70"]
[EventDate "2014.08.25"]
[EventType "swiss"]
[EventRounds "9"]
[EventCountry "ESP"]
[SourceTitle "CBM 162 Extra"]
[Source "ChessBase"]
[SourceDate "2014.10.17"]
[SourceVersion "1"]
[SourceVersionDate "2014.10.17"]
[SourceQuality "1"]

1. Nf3 d5 2. d3 g6 3. g3 Bg7 4. Bg2 Nf6 5. 0-0 0-0 6. Nbd2 Nc6 7. c3 a5 8. a4 e5 9. e4 h6 10. Qc2 Be6 11. Re1 Re8 12. Nf1 Qd7 13. Bd2 Rad8 14. Rec1 dxe4 15. dxe4 Bc4 16. Be1 Bd3 17. Qb3 Nxe4 18. Ne3 Nc5 19. Qa2 Qe6 20. Qxe6 Rxe6 21. Nd2 e4 22. Ra3 Bf8 23. Raa1 Bg7 24. Ra3 f5 25. Bf1 h5 26. Ra2 Bh6 27. b3 Ne5 28. h3 h4 29. b4 Bxf1 30. Kxf1 Ncd3 31. Rb1 hxg3 32. Nec4 gxf2 33. Bxf2 Bxd2 34. Nxd2 Nxf2 35. Kxf2 e3+ 0-1